Prénoms en A les plus donnés par décennies - Statistiques

Statistiques générales
  • Ce quiz a été pris 1 534 fois
  • Le résultat moyen est 65 sur 120
Statistiques - réponses
% Correct
Filles 1900-1909 | Filles 1910-1919 | Filles 1920-1929 | Filles 2010-2019 Anna
82%
Filles 1900-1909 | Filles 1910-1919 | Filles 1920-1929 | +5 others Anne
77%
Garçons 1900-1909 | Garçons 1910-1919 | Garçons 1920-1929 | +9 others Antoine
76%
Filles 1900-1909 | Filles 1910-1919 | Filles 1920-1929 | +3 others Alice
72%
Garçons 1960-1969 | Garçons 1970-1979 | Garçons 1980-1989 | +2 others Alexandre
69%
Filles 1990-1999 Amélie
66%
Garçons 1900-1909 | Garçons 1910-1919 | Garçons 1920-1929 | +4 others André
62%
Filles 1970-1979 | Filles 1980-1989 | Filles 1990-1999 Aurélie
61%
Filles 1930-1939 | Filles 1940-1949 | Filles 1950-1959 | Filles 1960-1969 Annie
60%
Garçons 1900-1909 | Garçons 1910-1919 | Garçons 1920-1929 | +3 others Albert
59%
Garçons 2000-2009 | Garçons 2010-2019 Arthur
59%
Garçons 1930-1939 | Garçons 1940-1949 | Garçons 1950-1959 | +2 others Alain
54%
Garçons 1970-1979 | Garçons 1980-1989 | Garçons 1990-1999 Anthony
54%
Garçons 1990-1999 | Garçons 2000-2009 Alexis
53%
Filles 2000-2009 Alicia
52%
Filles 1970-1979 | Filles 1980-1989 Alexandra
50%
Filles 1980-1989 | Filles 1990-1999 | Filles 2000-2009 Amandine
46%
Filles 1970-1979 | Filles 1980-1989 | Filles 1990-1999 Audrey
46%
Garçons 2000-2009 | Garçons 2010-2019 Axel
45%
Garçons 1990-1999 Adrien
44%
Filles 1990-1999 | Filles 2000-2009 | Filles 2010-2019 Anaïs
44%
Garçons 1960-1969 | Garçons 1970-1979 | Garçons 1980-1989 Arnaud
43%
Garçons 1930-1939 | Garçons 1950-1959 Armand
42%
Filles 2000-2009 | Filles 2010-2019 Ambre
41%
Filles 2010-2019 Agathe
40%
Garçons 1900-1909 | Garçons 1910-1919 | Garçons 1920-1929 Auguste
38%
Garçons 1980-1989 Aurélien
38%
Filles 1900-1909 | Filles 1910-1919 | Filles 1920-1929 | +2 others Andrée
37%
Filles 1910-1919 | Filles 1920-1929 Antoinette
32%
Filles 1940-1949 | Filles 1950-1959 | Filles 1960-1969 Annick
30%
Garçons 1900-1909 | Garçons 1910-1919 | Garçons 1920-1929 | Garçons 1940-1949 Alfred
29%
Filles 1900-1909 Angèle
29%
Garçons 2010-2019 Adam
28%
Filles 1970-1979 | Filles 1980-1989 Angelique
28%
Filles 1950-1959 | Filles 1960-1969 Agnès
23%
Filles 1950-1959 | Filles 1960-1969 Anne-marie
23%
Garçons 2010-2019 Aaron
17%
Filles 1930-1939 | Filles 1940-1949 Arlette
14%
Aucun quiz correspondant
Distribution des résultats
% des personnes avec chaque résultat
Percentile par nombre de réponses
Votre historique - résultats
Vous n’avez pas pris ce quiz